LDR 00857naa#a2200217#i#450# 001 EN\FGKOU VO SPBU MVD ROSSII\bibl\120398 005 20260701095059.3 011 ## _a2071-8284 100 ## _a20260630b2026####ek#y0engy0150####ca 101 0# _aRUS 102 ## _aRU 200 1# _aIntra-group relations and climate in service teams of employees with various assessments of the managerial potential of the head _eJournal article 210 1# _aSt. Petersburg _cSAINT-PETERSBURG UNIVERSITY OF THE MINISTRY OF INTERNAL AFFAIRS OF THE RUSSIAN FEDERATION _d2026 215 ## _a11 с. 608 ## _aJournal article _2local 675 ## _aПсихология. 159.9 _zRUS 700 #1 _aDukhnovsky _gSergey Vitalyevich 700 #1 _aGaidamashko _gIgor Vyacheslavovich 700 #1 _aShelepina _gEllina Konstantinovna 700 #1 _aShakhmatov _gAlexander Vladimirovich 856 4# _avestnikspbmvd.ru _u